000 00629cam a22002293a 4500
001 30997
003 PGUSA
005 20140828083654.0
008 100117s2010||||xxu|||||s|||||000 | eng d
040 _aPGUSA
_beng
042 _adc
050 4 _aQH
100 1 _aStains, Howard J.
245 1 2 _aA New Bat (Genus Leptonycteris) From Coahuila
_h[electronic resource] /
_cHoward J. Stains
260 _bProject Gutenberg,
_c2010
506 _aPublic domain in the USA.
516 _aElectronic text
653 _aBats
830 0 _aProject Gutenberg
_v30997
856 4 0 _uhttp://www.gutenberg.org/ebooks/30997
942 _cEB
999 _c260252
_d260252